Biggest Cities in Spain - Statistics

General Stats
  • This quiz has been taken 21 times
  • The average score is 4 of 8
Answer Stats
Answer % Correct
Barcelona
100%
Madrid
100%
Valencia
86%
Sevilla
76%
Alicante
38%
Santander
19%
Tenerife
5%
Mallorca
0%
No matching quizzes found
Score Distribution
Percent of People with Each Score
Percentile by Number Answered
Your Score History
You have not taken this quiz